LEADER 01024nam0 22002893i 450 001 CAG0990267 005 20170908093259.0 100 $a20141124d1946 ||||0itac50 ba 101 | $aita 102 $ait 181 1$6z01$ai $bxxxe 182 1$6z01$an 200 1 $aVita scritta da esso$fVittorio Alfieri$gparti scelte con introduzione e note di Domenico Guerri 210 $aFirenze$cVallecchi$d1946 215 $a210 p.$d19 cm. 225 | $aBiblioteca di classici italiani 410 0$1001LO10255572$12001 $aBiblioteca di classici italiani 606 $aAlfieri, Vittorio$xBiografie$2FIR$3LO1C178010$9I 676 $a928$9Biografie letterati - poeti$v21 702 1$aGuerri$b, Domenico$3CFIV107449 801 3$aIT$bIT-NA0079$c20141124 850 $aIT-SA0200 912 $aCAG0990267 950 0$aBiblioteca Comunale Simone Augelluzzi$d 63DONO 08 D 36$e 63 0000017065 $fB $h20140320$i20140320 977 $a 63 996 $aVita scritta da esso$91484423 997 $aUNISANNIO LEADER 01626nam 2200373 n 450 001 996390839503316 005 20200824120731.0 035 $a(CKB)4940000000101107 035 $a(EEBO)2264221069 035 $a(UnM)99836789e 035 $a(UnM)99836789 035 $a(EXLCZ)994940000000101107 100 $a19900919d1631 uy | 101 0 $alat 135 $aurbn||||a|bb| 200 00$aAd Georgii Turnebulli tetragonismum pseudographum apodixis Catholica, sive apologia pro disputatione de formali objecto fidei$b[electronic resource] $ein qua varię, & aeq[ue] utilissimę quęstiones de analysi fidei, authoritate Papę & conciliorum ... explicantur. Authore Roberto Baronio .. 210 $aAbredonię $cExcudebat Edwardus Rabanus$d1631 215 $a808 p 300 $aA reply to George Turnbull's "Imaginarii circuli quadratura Catholica", which had been written in response to Baron's "Disputatio theologica, de formali objecto fidei". 300 $aCf. Folger catalogue, which gives signatures: A-3D, 3E? (+-V7,8, X1,2). 300 $aP. 317-324 are cancels. 300 $aReproduction of the original in the British Library. 330 $aeebo-0018 606 $aPopes$xPrimacy$vEarly works to 1800 615 0$aPopes$xPrimacy 700 $aBaron$b Robert$f1593?-1639.$01003767 801 0$bCu-RivES 801 1$bCu-RivES 801 2$bCStRLIN 801 2$bWaOLN 906 $aBOOK 912 $a996390839503316 996 $aAd Georgii Turnebulli tetragonismum pseudographum apodixis Catholica, sive apologia pro disputatione de formali objecto fidei$92340027 997 $aUNISA